| 000 | 00627nam a22001817a 4500 | ||
|---|---|---|---|
| 003 | BD-DhUL | ||
| 005 | 20210920123236.0 | ||
| 008 | 190103snd. pk ||||| |||| 00| 0 urd d | ||
| 040 |
_aBD-DhUL _cBD-DhUL |
||
| 082 |
_a891.431 _bTAT |
||
| 100 | 1 |
_aٹیگور، رابندرناتھ _d |
|
| 245 |
_aٹیگور کے گیت - یتر حکبہ پنحاب لڑپری کمپنی / _cرابندرناتھ ٹیگور _b |
||
| 260 |
_aلاہور : _bپنجاب لڑیچرکمپنی، _c۔ |
||
| 300 |
_aص۔ ۹۶ ؛ _c۱۸ سم۔ |
||
| 650 | 4 | _aUrdu poetry | |
| 700 | 0 | _aحمہ نیاز محمد خان نتچوان | |
| 942 |
_2ddc _cBK |
||
| 999 |
_c245560 _d245560 |
||